000 00676nas a2200229 4500
001 BR0105144
003 BR-BrBNA
005 20231205102523.0
007 ta
008 230509b bl.|||p| |||| 00| 00por d
040 _aBR-BrBNA
_bpor
_cBiblioteca Nacional de Agricultura
041 _a(Pt)
072 _aS30
100 1 _aSimoes, P.A.H.
245 1 _aA importancia do diagnostico da intolerancia a lactose na pratica pediatrica
650 _aLeite
650 _aLactose
650 _aDisturbio Fisiologico
773 0 _tNutricao em Pauta (Brazil)
_x
_g(Sep-Oct 2000), v. 8(44) p. 24-26
_wBR0105144
909 _a202311
_bLúcia
_c55
_dLúcia Elande
942 _2AGRIS
_n0
_cANA
999 _c167986
_d167986